[Event "64th ch-RUS HL"]
[Site "Taganrog RUS"]
[Date "2011.06.16"]
[Round "2"]
[White "Papin,V"]
[Black "Savchenko,B"]
[Result "1/2-1/2"]
[WhiteElo "2565"]
[BlackElo "2630"]
[EventDate "2011.06.15"]

1. Nf3 b6 2. c4 Bb7 3. Nc3 e6 4. e4 c5 5. g3 Nf6 6. Qe2 Bd6 7. Bg2 Nc6 8.
O-O Ng4 9. d4 cxd4 10. Nxd4 Nxd4 11. Qxg4 O-O 12. Qd1 e5 13. Be3 Bc5 14.
Ne2 Ne6 15. Qd2 Qe7 16. Rfd1 d6 17. Rac1 Rac8 18. b3 h5 19. Nc3 h4 20. Nb5
f5 21. exf5 Nd4 22. Bxd4 exd4 23. Re1 Qd7 24. Nxd4 Bxg2 25. Kxg2 Bxd4 26.
Qxd4 Qxf5 27. Qd5+ Qxd5+ 28. cxd5 Rxc1 29. Rxc1 h3+ 30. Kxh3 Rxf2 31. a4
Rb2 32. Rc3 Kf7 33. Rc7+ Kf6 34. Rxa7 Rxb3 35. Rd7 Rb4 36. Rxd6+ Kf5 37.
Rd7 g5 38. g4+ Ke4 39. d6 Rd4 40. Re7+ Kf4 41. Rf7+ Ke5 42. Rf5+ Kxd6 43.
Rxg5 Rxa4 44. Rf5 Ra8 45. Kg3 Rb8 46. h4 b5 47. h5 b4 48. h6 b3 49. g5 b2
50. Rf1 Ke7 51. g6 Rb6 52. g7 Rg6+ 53. Kh4 Rxh6+ 54. Kg5 Rh2 55. Kg6 Rg2+
56. Kh7 Rh2+ 57. Kg8 Ke8 58. Re1+ Kd7 59. Rd1+ Ke8 60. Rf1 Ke7 61. Rf7+ Kd8
62. Kf8 b1=Q 63. g8=Q Qb5 64. Kg7+ Qe8 65. Qxe8+ 1/2-1/2

[Event "64th ch-RUS HL"]
[Site "Taganrog RUS"]
[Date "2011.06.16"]
[Round "2"]
[White "Sjugirov,S"]
[Black "Musalov,R"]
[Result "1/2-1/2"]
[WhiteElo "2629"]
[BlackElo "2399"]
[EventDate "2011.06.15"]

1. e4 e5 2. Nf3 Nc6 3. Bb5 Nf6 4. d3 d6 5. O-O a6 6. Bxc6+ bxc6 7. d4 Bg4
8. dxe5 Nxe4 9. exd6 cxd6 10. Qe1 Qe7 11. Nd4 Bd7 12. Nc3 Nc5 13. Be3 Ne6
14. Qd2 d5 15. Rfe1 Qf6 16. Na4 Bd6 17. Nb6 Rb8 18. Nxd7 Kxd7 19. Rad1 Nxd4
20. Bxd4 Qg6 21. c4 c5 22. Bxc5 Bxc5 23. Qxd5+ Bd6 24. c5 Rhe8 25. Rxe8
1/2-1/2

[Event "64th ch-RUS HL"]
[Site "Taganrog RUS"]
[Date "2011.06.16"]
[Round "2"]
[White "Potkin,V"]
[Black "Grigoriants,S RUS"]
[Result "1/2-1/2"]
[WhiteElo "2682"]
[BlackElo "2562"]
[EventDate "2011.06.15"]

1. d4 Nf6 2. c4 e6 3. Nf3 b6 4. g3 Bb4+ 5. Bd2 c5 6. Bg2 Bb7 7. O-O O-O 8.
Bxb4 cxb4 9. Qd3 a5 10. Nbd2 d6 11. a3 Na6 12. e4 Qc7 13. Rfd1 Rfd8 14. Ne1
Rac8 15. f3 Nd7 16. Bf1 Ndb8 17. Bh3 Bc6 18. Bf1 Bb7 19. Bh3 Bc6 20. Bf1
1/2-1/2

[Event "64th ch-RUS HL"]
[Site "Taganrog RUS"]
[Date "2011.06.16"]
[Round "2"]
[White "Inarkiev,E"]
[Black "Shomoev,A"]
[Result "1-0"]
[WhiteElo "2679"]
[BlackElo "2566"]
[EventDate "2011.06.15"]

1. e4 c5 2. Nf3 d6 3. d4 cxd4 4. Nxd4 Nf6 5. Nc3 a6 6. Be3 e6 7. Be2 Qc7 8.
Qd2 b5 9. a3 Nbd7 10. g4 Bb7 11. f3 h6 12. O-O-O d5 13. exd5 Nxd5 14. Nxd5
Bxd5 15. Rhe1 O-O-O 16. a4 Nc5 17. axb5 axb5 18. Kb1 b4 19. Qxb4 Nd3 20.
Qd2 Nxe1 21. Qxe1 Bc5 22. Nb5 Qc6 23. Qc3 Bxe3 24. Qxe3 Kb8 25. c4 Bxc4 26.
Qa7+ Kc8 27. Rc1 Rd3 28. Qa4 1-0

[Event "64th ch-RUS HL"]
[Site "Taganrog RUS"]
[Date "2011.06.16"]
[Round "2"]
[White "Kornev,Alexei"]
[Black "Kobalia,M"]
[Result "1-0"]
[WhiteElo "2511"]
[BlackElo "2679"]
[EventDate "2011.06.15"]

1. e4 c5 2. Nf3 e6 3. d4 cxd4 4. Nxd4 a6 5. Nc3 b5 6. Bd3 Ne7 7. O-O Nec6
8. Nf3 d6 9. a4 b4 10. Ne2 Be7 11. Bd2 Bf6 12. c3 bxc3 13. Bxc3 Bxc3 14.
Nxc3 O-O 15. Be2 Qe7 16. Qd2 Rd8 17. Rfd1 Na5 18. Rab1 Nb7 19. b4 a5 20. b5
Nc5 21. Ne5 Bb7 22. Qd4 Nbd7 23. Nc4 d5 24. exd5 exd5 25. Ne3 Nf6 26. Bf3
Nce4 27. Nf5 Qc5 28. Bxe4 Qxd4 29. Rxd4 dxe4 30. Rxd8+ Rxd8 31. Rd1 Rb8 32.
Kf1 Kf8 33. Nd6 Ba8 34. Ke2 Nd7 35. Nxf7 Nb6 36. Nd6 Rd8 37. g3 g6 38. Rd2
Ke7 39. Ndxe4 Nxa4 40. Nxa4 Bxe4 41. Rxd8 Kxd8 42. Nc5 Bd5 43. b6 Kc8 44.
Kd3 Bf3 45. Kc4 Be2+ 46. Kb3 Bb5 47. f4 h5 48. Ka3 Bc6 49. h3 Kd8 50. Nb3
Bg2 51. Nxa5 Kd7 52. Kb4 Bxh3 53. Kc5 Bg2 54. Nc4 Be4 55. Ne5+ Kc8 56. Nf7
Kd7 57. Kd4 Bc2 58. Kc5 Be4 59. Nd6 Bg2 60. b7 Kc7 61. Kd4 Bf1 62. Ke5 Bd3
63. Kf6 Bc2 64. Kg5 1-0

[Event "64th ch-RUS HL"]
[Site "Taganrog RUS"]
[Date "2011.06.16"]
[Round "2"]
[White "Timofeev,Arty"]
[Black "Reshetnikov,Al"]
[Result "1-0"]
[WhiteElo "2665"]
[BlackElo "2487"]
[EventDate "2011.06.15"]

1. e4 c5 2. Nf3 e6 3. d4 cxd4 4. Nxd4 a6 5. Bd3 Bc5 6. Nb3 Ba7 7. O-O Nc6
8. Qg4 Qf6 9. Kh1 Ne5 10. Qe2 Ne7 11. Be3 Bxe3 12. Qxe3 O-O 13. Be2 g5 14.
N1d2 N7c6 15. g3 Ng6 16. Nc4 d5 17. Nb6 Rb8 18. c3 dxe4 19. Nc5 Qe7 20.
Nxe4 f6 21. Rad1 e5 22. Bc4+ Kh8 23. Nxc8 Rbxc8 24. Nd6 Rcd8 25. Nf5 Qc7
26. Bd3 Rd7 27. Be4 Rfd8 28. Qf3 Rxd1 29. Rxd1 Rxd1+ 30. Qxd1 Nge7 31. Nd6
Qb8 32. Bxh7 Kxh7 33. Qh5+ Kg7 34. Qf7+ Kh8 35. Ne8 Nf5 36. Nxf6 1-0

[Event "64th ch-RUS HL"]
[Site "Taganrog RUS"]
[Date "2011.06.16"]
[Round "2"]
[White "Evdokimov,Alexa"]
[Black "Khairullin,I"]
[Result "1-0"]
[WhiteElo "2561"]
[BlackElo "2649"]
[EventDate "2011.06.15"]

1. d4 Nf6 2. Nf3 e6 3. c4 d5 4. g3 dxc4 5. Bg2 Nc6 6. Qa4 Bb4+ 7. Bd2 Nd5
8. Bxb4 Ndxb4 9. O-O Rb8 10. Na3 O-O 11. Qb5 b6 12. Qxc4 Ba6 13. Nb5 Qd5
14. Qxd5 Nxd5 15. a4 Na5 16. Rfe1 c6 17. Na3 Rfd8 18. Rad1 Nb4 19. Ne5 f6
20. Nf3 Rbc8 21. Bf1 Nb3 22. e3 Bxf1 23. Kxf1 c5 24. Nd2 Nxd2+ 25. Rxd2
cxd4 26. Rxd4 Rxd4 27. exd4 Rc6 28. Re3 Nd5 29. Re2 Kf7 30. Rc2 Rd6 31. Rc8
Rd7 32. Nb5 Ne7 33. Ra8 Nc6 34. Ke2 Nxd4+ 35. Nxd4 Rxd4 36. Rxa7+ Kg6 37.
Rb7 Rb4 38. a5 Rxb2+ 39. Ke3 Rb3+ 40. Kd2 b5 41. Kc2 Rf3 42. Rxb5 Rxf2+ 43.
Kb3 Rxh2 44. a6 Rh1 45. Ka2 Rh2+ 46. Ka3 Rh1 47. Ka2 Rh2+ 48. Ka3 Rh1 49.
Ra5 Ra1+ 50. Kb4 Rb1+ 51. Kc5 Rb8 52. a7 Ra8 53. Kb6 e5 54. Kb7 Re8 55.
a8=Q Rxa8 56. Rxa8 Kf5 57. Kc6 Ke4 58. Ra4+ Kf3 59. Ra3+ Kg4 60. Kd5 h5 61.
Ke4 g5 62. Rf3 h4 63. gxh4 gxh4 64. Rxf6 Kg3 65. Rg6+ Kf2 66. Rh6 Kg3 67.
Ke3 h3 68. Rg6+ Kh2 69. Ke4 1-0

[Event "64th ch-RUS HL"]
[Site "Taganrog RUS"]
[Date "2011.06.16"]
[Round "2"]
[White "Matlakov,M"]
[Black "Diu,V"]
[Result "1-0"]
[WhiteElo "2632"]
[BlackElo "2475"]
[EventDate "2011.06.15"]

1. d4 Nf6 2. c4 c5 3. Nf3 cxd4 4. Nxd4 e6 5. Nc3 Bb4 6. g3 Ne4 7. Qc2 Qa5
8. Bg2 Nxc3 9. O-O Na4 10. a3 Be7 11. Nb5 Nxb2 12. Bd2 Qd8 13. Bf4 d6 14.
c5 O-O 15. cxd6 Bf6 16. Nc7 Nc6 17. Bxc6 bxc6 18. Nxa8 e5 19. Be3 Bh3 20.
Qxb2 Bxf1 21. Rxf1 Qxa8 22. Rd1 Rb8 23. Qd2 Qb7 24. d7 Bd8 25. Qd6 Qc7 26.
Qxc7 Bxc7 27. Bxa7 Ra8 28. Bc5 Bd8 29. e4 f6 30. Rd6 1-0

[Event "64th ch-RUS HL"]
[Site "Taganrog RUS"]
[Date "2011.06.16"]
[Round "2"]
[White "Lysyj,I"]
[Black "Lintchevski,D"]
[Result "1/2-1/2"]
[WhiteElo "2629"]
[BlackElo "2543"]
[EventDate "2011.06.15"]

1. d4 d5 2. c4 dxc4 3. e4 Nc6 4. Nf3 Bg4 5. d5 Ne5 6. Bf4 Ng6 7. Be3 Nf6 8.
Bxc4 e5 9. Nbd2 Bd6 10. Bb5+ Bd7 11. Qa4 O-O 12. Bxd7 Qxd7 13. Qxd7 Nxd7
14. Nc4 f5 15. Ng5 fxe4 16. Nxd6 cxd6 17. Nxe4 Nf6 18. Nxd6 Nxd5 19. Rd1
Ngf4 20. g3 Nxe3 21. fxe3 Nh3 22. Rf1 Rxf1+ 23. Kxf1 Rf8+ 24. Ke1 Nf2 25.
Rd5 Ng4 26. h3 Nxe3 27. Rxe5 Nf1 28. g4 Nh2 29. Re7 Nf3+ 30. Ke2 Ng1+ 31.
Ke3 Nxh3 32. Rxb7 Nf2 33. g5 h5 34. gxh6 gxh6 35. Rxa7 Nd1+ 36. Ke4 Nxb2
37. Nf5 h5 38. Kf4 Rb8 39. Kg5 Rb5 40. Kg6 Rb6+ 41. Kxh5 Kf8 42. Kg4 Rb4+
43. Kg5 Ra4 44. Rb7 Rxa2 45. Nd4 1/2-1/2

[Event "64th ch-RUS HL"]
[Site "Taganrog RUS"]
[Date "2011.06.16"]
[Round "2"]
[White "Shukh,N"]
[Black "Sakaev,K"]
[Result "1/2-1/2"]
[WhiteElo "2438"]
[BlackElo "2629"]
[EventDate "2011.06.15"]

1. e4 c5 2. Nf3 d6 3. d4 cxd4 4. Nxd4 Nf6 5. Nc3 e6 6. Be3 a6 7. f3 b5 8.
Qd2 Nbd7 9. g4 Nb6 10. Bd3 Bb7 11. O-O-O Rc8 12. Kb1 Be7 13. h4 Nc4 14.
Bxc4 Rxc4 15. Nce2 Qc7 16. Ng3 Nd7 17. b3 Rc5 18. Nde2 Rc6 19. Nd4 Rc5 20.
Nde2 Rc6 21. Nd4 Rc5 1/2-1/2

[Event "64th ch-RUS HL"]
[Site "Taganrog RUS"]
[Date "2011.06.16"]
[Round "2"]
[White "Bryzgalin,K"]
[Black "Lastin,A"]
[Result "1/2-1/2"]
[WhiteElo "2473"]
[BlackElo "2617"]
[EventDate "2011.06.15"]

1. d4 Nf6 2. c4 e6 3. Nc3 Bb4 4. Qc2 O-O 5. a3 Bxc3+ 6. Qxc3 d5 7. Nf3 dxc4
8. Qxc4 b6 9. Bg5 Ba6 10. Qa4 c5 11. dxc5 bxc5 12. Rd1 Qb6 13. Bxf6 gxf6
14. Rd2 Nc6 15. Qg4+ Kh8 16. Qh4 Kg7 17. Qg3+ Kh8 18. Qh4 Kg7 19. Qg3+ Kh8
20. Qh4 Kg7 21. Qg3+ 1/2-1/2

[Event "64th ch-RUS HL"]
[Site "Taganrog RUS"]
[Date "2011.06.16"]
[Round "2"]
[White "Yemelin,V"]
[Black "Stukopin,A"]
[Result "0-1"]
[WhiteElo "2584"]
[BlackElo "2471"]
[EventDate "2011.06.15"]

1. e4 c5 2. Nf3 e6 3. d4 cxd4 4. Nxd4 a6 5. Bd3 Bc5 6. Nb3 Be7 7. Qg4 g6 8.
Qe2 d6 9. a4 b6 10. Na3 Nd7 11. O-O Qc7 12. Nc4 Bb7 13. a5 b5 14. Nb6 Nxb6
15. axb6 Qxb6 16. Na5 Nf6 17. Be3 Qc7 18. Nxb7 Qxb7 19. Rxa6 Rxa6 20. Bxb5+
Rc6 21. Qc4 O-O 22. Qxc6 Qxc6 23. Bxc6 Rc8 24. Bb5 Nxe4 25. f3 Nc5 26. c4
Rb8 27. Ra1 d5 28. Bf4 Rc8 29. cxd5 exd5 30. Be5 f6 31. Bc3 Nb3 32. Ra3 0-1

[Event "64th ch-RUS HL"]
[Site "Taganrog RUS"]
[Date "2011.06.16"]
[Round "2"]
[White "Zakhartsov,Vi"]
[Black "Sitnikov,D"]
[Result "1/2-1/2"]
[WhiteElo "2578"]
[BlackElo "2463"]
[EventDate "2011.06.15"]

1. d4 d5 2. c4 c6 3. Nf3 Nf6 4. Nc3 e6 5. Bg5 h6 6. Bh4 Be7 7. e3 O-O 8.
Rc1 Nbd7 9. Bd3 b6 10. cxd5 cxd5 11. O-O a6 12. a4 Bb7 13. Na2 Bd6 14. Bg3
Qe7 15. Ne5 Rfc8 16. Rxc8+ Rxc8 17. Qe2 a5 18. f4 Ne4 19. Bxe4 dxe4 20. Nc3
f6 21. Nc4 Bb4 22. Nb5 Bd5 23. b3 f5 24. h3 Rc6 25. Na7 Rc7 26. Nb5 Rc6 27.
Na7 Rc7 28. Nb5 Rc6 1/2-1/2

[Event "64th ch-RUS HL"]
[Site "Taganrog RUS"]
[Date "2011.06.16"]
[Round "2"]
[White "Vorobiov,E"]
[Black "Airapetian,G"]
[Result "1/2-1/2"]
[WhiteElo "2570"]
[BlackElo "2460"]
[EventDate "2011.06.15"]

1. d4 Nf6 2. c4 e6 3. g3 d5 4. Nf3 Bb4+ 5. Bd2 Be7 6. Bg2 O-O 7. O-O c6 8.
Qc2 Nbd7 9. Rd1 b6 10. Bf4 Bb7 11. Nc3 Nh5 12. Bc1 Nhf6 13. b3 Rc8 14. e4
dxe4 15. Nxe4 c5 16. Nxf6+ Bxf6 17. Ng5 Bxg5 18. Bxb7 Rc7 19. Be4 f5 20.
Bg2 cxd4 21. Bxg5 Qxg5 22. Rxd4 e5 23. Rd5 Qe7 24. Re1 Rc5 25. Qd2 Rxd5 26.
Qxd5+ Kh8 27. Rd1 Nf6 28. Qd6 Qxd6 29. Rxd6 Kg8 30. Bd5+ Nxd5 31. Rxd5 e4
32. Kf1 g6 33. Ke2 Rf7 34. Ke3 Kg7 35. Rd6 Kh6 36. b4 Kg5 37. h3 Rc7 38.
Kd4 h5 39. c5 bxc5+ 40. bxc5 h4 41. gxh4+ Kf4 42. Rxg6 Rf7 43. h5 Kf3 44.
h6 Kxf2 45. Rg7 Rf8 46. h7 Rd8+ 47. Kc4 Rh8 48. Rf7 e3 49. Rxf5+ Ke1 50.
Rf7 e2 51. Rxa7 Kd2 52. Rd7+ Kc2 53. Re7 Kd2 54. Rd7+ Kc2 55. Re7 Kd2 56.
c6 Rxh7 57. Re8 Rxh3 58. Rd8+ Kc2 59. Re8 Kd2 60. Rd8+ Kc2 1/2-1/2

[Event "64th ch-RUS HL"]
[Site "Taganrog RUS"]
[Date "2011.06.16"]
[Round "2"]
[White "Balashov,Y"]
[Black "Kosintseva,T"]
[Result "1/2-1/2"]
[WhiteElo "2426"]
[BlackElo "2559"]
[EventDate "2011.06.15"]

1. e4 c5 2. Nc3 d6 3. Bb5+ Bd7 4. a4 Nc6 5. d3 g6 6. Bg5 Bg7 7. Nge2 Nf6 8.
O-O O-O 9. Qd2 Nd4 10. Nxd4 cxd4 11. Ne2 Bxb5 12. axb5 Qb6 13. c4 dxc3 14.
Nxc3 a6 15. Be3 Qd8 16. bxa6 bxa6 17. Ra4 Qd7 18. Rfa1 Qb7 19. Bd4 Rfb8 20.
R1a2 e6 21. h3 Rc8 22. Ne2 e5 23. Bc3 Nd7 24. Rb4 Qc6 25. Rc4 Qb7 26. Rb4
Qc6 27. Rc4 Qb7 28. Rb4 1/2-1/2

[Event "64th ch-RUS HL"]
[Site "Taganrog RUS"]
[Date "2011.06.16"]
[Round "2"]
[White "Kryakvin,D"]
[Black "Sek,K"]
[Result "1-0"]
[WhiteElo "2551"]
[BlackElo "2432"]
[EventDate "2011.06.15"]

1. d4 Nf6 2. c4 c5 3. d5 e6 4. Nc3 exd5 5. cxd5 d6 6. Nf3 g6 7. Nd2 Bg7 8.
Nc4 O-O 9. Bg5 h6 10. Bf4 Ne8 11. h4 Nd7 12. Qd2 Nb6 13. Nxb6 Qxb6 14. Bxh6
Bxh6 15. Qxh6 Qxb2 16. Rc1 Ng7 17. e4 Bd7 18. h5 b5 19. Be2 Rfe8 20. hxg6
fxg6 21. Rh4 Kf7 22. Kf1 Rh8 23. Qf4+ Kg8 24. Rxh8+ Kxh8 25. Nd1 Qxa2 26.
Qxd6 Qd2 27. Rxc5 Qh6 28. Bf3 Be8 29. Ne3 b4 30. Kg1 1-0

[Event "64th ch-RUS HL"]
[Site "Taganrog RUS"]
[Date "2011.06.16"]
[Round "2"]
[White "Danin,A"]
[Black "Rodin,D"]
[Result "1-0"]
[WhiteElo "2534"]
[BlackElo "2404"]
[EventDate "2011.06.15"]

1. e4 c5 2. Nf3 e6 3. d4 cxd4 4. Nxd4 a6 5. Nc3 Qc7 6. Be2 Nf6 7. O-O Nc6
8. Be3 Bb4 9. Na4 O-O 10. Nxc6 bxc6 11. Nb6 Rb8 12. Nxc8 Rfxc8 13. Bxa6 Rf8
14. Bd3 Bd6 15. f4 e5 16. f5 Rxb2 17. g4 Qa5 18. g5 Bc5 19. gxf6 Bxe3+ 20.
Kh1 gxf6 21. Rg1+ Kh8 22. Qg4 Bg5 23. h4 Bh6 24. Rg2 Qc5 25. Rag1 Rbb8 26.
a4 d6 27. a5 Qe3 28. a6 Qf4 29. Qh5 d5 30. Rg3 Qd2 31. Rd1 1-0

[Event "64th ch-RUS HL"]
[Site "Taganrog RUS"]
[Date "2011.06.16"]
[Round "2"]
[White "Polschikov,A"]
[Black "Fedoseev,Vl3"]
[Result "0-1"]
[WhiteElo "2395"]
[BlackElo "2506"]
[EventDate "2011.06.15"]

1. Nf3 c5 2. c4 Nc6 3. d4 cxd4 4. Nxd4 Nf6 5. Nc3 e6 6. Ndb5 Bc5 7. g3 O-O
8. Bg2 Ne5 9. b3 a6 10. Nd4 Qa5 11. Bb2 d5 12. a3 Bd7 13. cxd5 Qb6 14. e3
exd5 15. O-O Rad8 16. h3 Rfe8 17. Nce2 Ne4 18. Nf4 Qh6 19. Rc1 Bd6 20. Nxd5
Ng5 21. h4 Nh3+ 22. Kh1 Nxf2+ 23. Rxf2 Ng4 24. Rf5 Rxe3 25. Qxg4 Rxg3 26.
Qh5 Qd2 27. Qxf7+ Kh8 28. Rf2 Qh6 29. Rf4 Bh3 30. Bxh3 Rxh3+ 31. Kg2 Rxh4
32. Nf3 Bxf4 33. Nxf4 Rxf4 34. Qd7 Qg6+ 35. Kf2 Qb6+ 0-1

[Event "64th ch-RUS HL"]
[Site "Taganrog RUS"]
[Date "2011.06.17"]
[Round "3"]
[White "Galkin,A"]
[Black "Najer,E"]
[Result "1/2-1/2"]
[WhiteElo "2598"]
[BlackElo "2643"]
[EventDate "2011.06.15"]

1. Nf3 d5 2. d4 Nf6 3. c4 e6 4. e3 c5 5. cxd5 exd5 6. Be2 Nc6 7. O-O Bd6 8.
dxc5 Bxc5 9. a3 a5 10. Nc3 O-O 11. b3 d4 12. Na4 Ba7 13. Nxd4 Nxd4 14. exd4
Qxd4 15. Qxd4 Bxd4 16. Bb2 Bxb2 17. Nxb2 Be6 18. Bc4 Bxc4 19. Nxc4 b5 20.
Nd6 b4 21. Rfd1 bxa3 22. Rxa3 Rfd8 23. Raa1 Rdb8 24. Nc4 Rxb3 25. Nxa5 Rbb8
26. Nc6 Rxa1 27. Rxa1 Re8 28. Kf1 g6 29. Re1 Rxe1+ 30. Kxe1 Kg7 31. f3 h5
32. Kf2 Nd7 33. Ke3 Kf6 34. Ke4 Nc5+ 35. Ke3 Nd7 36. Ke4 Nc5+ 37. Ke3
1/2-1/2

[Event "64th ch-RUS HL"]
[Site "Taganrog RUS"]
[Date "2011.06.17"]
[Round "3"]
[White "Volkov,Sergey1"]
[Black "Inarkiev,E"]
[Result "1-0"]
[WhiteElo "2615"]
[BlackElo "2679"]
[EventDate "2011.06.15"]

1. d4 Nf6 2. c4 g6 3. Nc3 Bg7 4. e4 d6 5. Be2 O-O 6. Nf3 e5 7. Be3 exd4 8.
Nxd4 Re8 9. f3 c6 10. Bf2 Bh6 11. O-O Nbd7 12. Re1 a5 13. Bf1 Qc7 14. Qc2
Nc5 15. b3 Qe7 16. a3 Nfd7 17. b4 axb4 18. axb4 Rxa1 19. Rxa1 Ne6 20. Nce2
Ng7 21. Ra7 Ne5 22. b5 Qf8 23. bxc6 bxc6 24. Qc3 c5 25. Nb5 Ne6 26. Qb3 f5
27. exf5 gxf5 28. Nec3 Nc6 29. Ra8 Bd7 30. Rxe8 Bxe8 31. Qd1 Ncd4 32. Nxd4
Nxd4 33. Nb5 Bxb5 34. cxb5 Qe7 35. Bc4+ Kg7 36. b6 Be3 37. Bd5 c4 38. b7 c3
39. b8=Q c2 40. Qg8+ Kh6 41. Qf8+ Kg6 42. Bf7+ Qxf7 43. Qxd6+ Kh5 44. g4+
1-0

[Event "64th ch-RUS HL"]
[Site "Taganrog RUS"]
[Date "2011.06.17"]
[Round "3"]
[White "Frolyanov,D"]
[Black "Alekseev,Evgeny"]
[Result "1/2-1/2"]
[WhiteElo "2599"]
[BlackElo "2673"]
[EventDate "2011.06.15"]

1. d4 Nf6 2. c4 e6 3. Nc3 Bb4 4. Qc2 O-O 5. a3 Bxc3+ 6. Qxc3 d6 7. f3 d5 8.
e3 b6 9. Bd3 Ba6 10. Ne2 Nbd7 11. O-O c5 12. b3 Rc8 13. a4 cxd4 14. exd4
dxc4 15. bxc4 e5 16. Ba3 Re8 17. Rad1 Qc7 18. Qa1 Qb7 19. Bb2 Qc7 20. Ng3
exd4 21. Bxd4 Qf4 22. Nf5 Re6 23. Bf2 Qe5 24. Nd4 Ree8 25. Rfe1 Qf4 26. Nf5
Rxe1+ 27. Rxe1 Re8 28. Rxe8+ Nxe8 29. Bd4 Ndf6 30. a5 bxa5 31. Qxa5 Qc1+
32. Kf2 Bxc4 33. Bxc4 Qxc4 34. Bxa7 Qc2+ 35. Kf1 Qb1+ 36. Kf2 Qc2+ 37. Kf1
Qb1+ 38. Kf2 Qc2+ 1/2-1/2

[Event "64th ch-RUS HL"]
[Site "Taganrog RUS"]
[Date "2011.06.17"]
[Round "3"]
[White "Landa,K"]
[Black "Timofeev,Arty"]
[Result "1/2-1/2"]
[WhiteElo "2613"]
[BlackElo "2665"]
[EventDate "2011.06.15"]

1. d4 Nf6 2. c4 g6 3. Nc3 d5 4. Qb3 dxc4 5. Qxc4 Bg7 6. e4 O-O 7. Be2 a6 8.
Nf3 b5 9. Qb3 Nc6 10. d5 Na5 11. Qb4 c6 12. O-O Bb7 13. Rd1 Qc7 14. Be3
cxd5 15. Nxd5 Nxd5 16. exd5 Nc4 17. Rac1 Rac8 18. b3 Qd6 19. Rxc4 bxc4 20.
Qxb7 cxb3 21. axb3 Rb8 22. Qa7 Rxb3 23. Bc5 Qb8 24. Qxa6 Qb7 25. Qc6 Rb1
26. Nd2 Rxd1+ 27. Bxd1 Qb2 28. Nf1 Bd4 29. Bxd4 Qxd4 30. Ne3 Rb8 31. g3 Rb1
32. Qc2 Rb2 33. Qc8+ Kg7 34. Bc2 Rb6 35. Qc7 e6 36. dxe6 Rxe6 37. Bb3 Rf6
38. Qc2 Rd6 39. Kg2 Rd7 40. h4 h5 41. Bc4 Rb7 42. Bb3 Rd7 43. Qc6 Re7 44.
Qc1 Rb7 45. Bd1 Rb5 46. Bf3 Ra5 47. Qc7 Ra7 48. Qc2 Ra5 49. Qb3 Rc5 50. Nd5
Rc6 51. Qb1 Ra6 52. Nf4 Rb6 53. Qe1 Kf8 54. Nh3 Kg7 55. Nf4 Kf8 56. Nh3 Kg7
57. Qe7 Rb2 58. Qg5 Rc2 59. Qa5 Rd2 60. Qc7 Ra2 61. Qc1 Rb2 62. Qe1 Rb6 63.
Ng5 Rb2 64. Bc6 Ra2 65. Nh3 Rc2 66. Be4 Rb2 67. Nf4 Rb6 68. Bf3 Kf8 69. Nd5
Rb2 70. Qe7+ Kg7 71. Ne3 Rb5 72. Qa3 Rc5 73. Qb3 Ra5 74. Bd5 Ra7 75. Qc2
Qe5 76. Qc4 Rc7 77. Qb4 Rd7 78. Qb3 Rc7 79. Qb6 Rd7 80. Qb5 Rc7 81. Qb8 Qe7
82. Bf3 Qe5 83. Nc4 Qe7 84. Qb2+ Qf6 85. Qb5 Qd4 86. Ne3 Rc5 87. Qb7
1/2-1/2

[Event "64th ch-RUS HL"]
[Site "Taganrog RUS"]
[Date "2011.06.17"]
[Round "3"]
[White "Zvjaginsev,V"]
[Black "Evdokimov,Alexa"]
[Result "1-0"]
[WhiteElo "2659"]
[BlackElo "2561"]
[EventDate "2011.06.15"]

1. e4 c6 2. d4 d5 3. Nc3 dxe4 4. Nxe4 Bf5 5. Ng3 Bg6 6. Nf3 Nd7 7. Bd3 e6
8. O-O Ngf6 9. b3 Be7 10. Bb2 O-O 11. c4 Qa5 12. a3 Rfd8 13. Re1 Bxd3 14.
Qxd3 b5 15. Nf5 Bf8 16. Ne3 Rab8 17. Qc2 bxc4 18. Nxc4 Qb5 19. b4 h6 20.
Bc1 Nd5 21. Bd2 Rbc8 22. Rac1 Qa6 23. h3 Rc7 24. Na5 Bd6 25. Qc4 Qxc4 26.
Rxc4 Rdc8 27. Rec1 Ne7 28. R4c2 Nb6 29. Ne5 Bxe5 30. dxe5 Nbd5 31. Kf1 Kf8
32. Rc5 Ke8 33. Nc4 Kd7 34. Ra5 Nf5 35. Be3 Nfxe3+ 36. fxe3 f6 37. e4 Nb6
38. Rxa7 Nxc4 39. Rxc7+ Rxc7 40. Rxc4 fxe5 41. a4 Ra7 42. a5 Rb7 43. Ke2
Rb5 44. Kd3 c5 45. Rxc5 Rxb4 46. Rc4 Rb3+ 47. Rc3 Rb2 48. g4 Ra2 49. Rc5
Kd6 50. Rb5 Ra4 51. h4 Rd4+ 52. Ke3 Ra4 53. h5 Ra3+ 54. Kd2 Ra4 55. Kd3
Rd4+ 56. Ke3 Ra4 57. Rb7 Ra3+ 58. Kf2 Kc5 59. Rxg7 Rxa5 60. Rg6 Kd4 61.
Rxh6 Kxe4 62. Rf6 Ra1 63. Kg2 Ra2+ 64. Rf2 Ra8 65. h6 Rh8 66. g5 Kd3 67.
Rf7 Rg8 68. Rg7 1-0

[Event "64th ch-RUS HL"]
[Site "Taganrog RUS"]
[Date "2011.06.17"]
[Round "3"]
[White "Lintchevski,D"]
[Black "Khismatullin,D"]
[Result "0-1"]
[WhiteElo "2543"]
[BlackElo "2656"]
[EventDate "2011.06.15"]

1. e4 d6 2. d4 g6 3. Nf3 Bg7 4. c3 Nf6 5. Bd3 O-O 6. O-O Nc6 7. Re1 e5 8.
Nbd2 Nh5 9. Nb3 Bg4 10. Be2 Nf6 11. h3 Bd7 12. dxe5 Nxe5 13. Nxe5 dxe5 14.
Bg5 h6 15. Bxf6 Bxf6 16. Bg4 Be8 17. Nc5 Be7 18. Qxd8 Rxd8 19. Nxb7 Rb8 20.
Na5 Rxb2 21. Reb1 Rc2 22. Rc1 Rxc1+ 23. Rxc1 f5 24. Bf3 Bc5 25. Rc2 Kg7 26.
Nb3 Bd6 27. c4 Bb4 28. Re2 f4 29. Nc1 Bc6 30. Nd3 Bc3 31. Nc5 Kf6 32. Na6
Rf7 33. Rc2 Bd4 34. c5 Ba4 35. Rd2 c6 36. Bd1 Bxd1 37. Rxd1 Rb7 38. Rd2
Rb1+ 39. Kh2 Ke7 40. a3 Rb5 41. g3 fxg3+ 0-1

[Event "64th ch-RUS HL"]
[Site "Taganrog RUS"]
[Date "2011.06.17"]
[Round "3"]
[White "Fedoseev,Vl3"]
[Black "Lysyj,I"]
[Result "0-1"]
[WhiteElo "2506"]
[BlackElo "2629"]
[EventDate "2011.06.15"]

1. d4 Nf6 2. c4 e6 3. Nc3 Bb4 4. e3 O-O 5. Bd3 c5 6. Nf3 d5 7. O-O cxd4 8.
exd4 dxc4 9. Bxc4 a6 10. Bd3 b5 11. Ne5 Bb7 12. Bg5 Be7 13. Rc1 Nbd7 14.
Qe2 h6 15. Bf4 Rc8 16. Rfd1 Re8 17. a4 bxa4 18. Bxa6 Bxa6 19. Qxa6 Ra8 20.
Qb5 Ra5 21. Qc4 Qa8 22. Nxd7 Nxd7 23. d5 Nb6 24. Qc6 Nxd5 25. Nxd5 Rxd5 26.
Rxd5 Qxc6 27. Rxc6 exd5 28. f3 Bf6 29. Rc2 d4 30. Rc4 g5 31. Bd2 Re2 32.
Ba5 d3 33. Rxa4 d2 34. Ra1 Bd4+ 35. Kh1 Bf2 0-1

[Event "64th ch-RUS HL"]
[Site "Taganrog RUS"]
[Date "2011.06.17"]
[Round "3"]
[White "Sakaev,K"]
[Black "Danin,A"]
[Result "1/2-1/2"]
[WhiteElo "2629"]
[BlackElo "2534"]
[EventDate "2011.06.15"]

1. d4 d5 2. c4 c6 3. Nf3 Nf6 4. e3 Bf5 5. Nc3 e6 6. Nh4 Be4 7. f3 Bg6 8.
Qb3 Qb6 9. Nxg6 hxg6 10. Kf2 Nbd7 11. g3 g5 12. Kg2 g4 13. f4 Ne4 14. Nxe4
dxe4 15. Bd2 f5 16. Bc3 Kf7 17. Be2 Be7 18. Rad1 Qxb3 19. axb3 Nf6 20. h3
gxh3+ 21. Rxh3 Rxh3 22. Kxh3 Rh8+ 23. Kg2 a6 24. Ra1 Rg8 25. Rh1 g5 26. Kf2
Kg6 27. Ba5 Bd6 28. Bc3 Be7 29. Ba5 Bd6 30. Bc3 Be7 31. Ba5 Bd6 32. Bc3
1/2-1/2

[Event "64th ch-RUS HL"]
[Site "Taganrog RUS"]
[Date "2011.06.17"]
[Round "3"]
[White "Shimanov,A"]
[Black "Bryzgalin,K"]
[Result "1-0"]
[WhiteElo "2583"]
[BlackElo "2473"]
[EventDate "2011.06.15"]

1. c4 e5 2. g3 Nf6 3. Bg2 c6 4. d4 d6 5. Nc3 Be7 6. e3 O-O 7. Nge2 Re8 8.
O-O Bf8 9. Qc2 Nbd7 10. b3 Qc7 11. h3 Rb8 12. a4 a5 13. g4 h6 14. f4 g6 15.
Kh1 exd4 16. exd4 Nb6 17. Bd2 h5 18. g5 Bf5 19. Qb2 Ne4 20. Nxe4 Bxe4 21.
Bxa5 Ra8 22. Bc3 Bxg2+ 23. Kxg2 Re3 24. Rae1 Bg7 25. Qd2 Rae8 26. Ng3 Rxe1
27. Rxe1 Rxe1 28. Qxe1 d5 29. Qe8+ Kh7 30. c5 Nxa4 31. bxa4 Qxf4 32. Qe7 h4
33. Ne2 Qf5 34. Qe3 Kg8 35. Be1 Qc2 36. Bxh4 Bxd4 37. Qxd4 Qxe2+ 38. Bf2
Qc2 39. Qf4 Qe2 40. Kg3 Qd3+ 41. Kh4 Qd1 42. Bd4 Qe1+ 43. Qf2 Qd1 44. Qe3
Kh7 45. Qe5 1-0

[Event "64th ch-RUS HL"]
[Site "Taganrog RUS"]
[Date "2011.06.17"]
[Round "3"]
[White "Stukopin,A"]
[Black "Ponkratov,P"]
[Result "0-1"]
[WhiteElo "2471"]
[BlackElo "2582"]
[EventDate "2011.06.15"]

1. e4 e6 2. Nf3 d5 3. Nc3 Nf6 4. e5 Nfd7 5. d4 c5 6. dxc5 Nc6 7. Bf4 Be7 8.
Qd2 Nxc5 9. Be2 O-O 10. O-O Qb6 11. a3 Ne4 12. Qd3 Nxc3 13. Qxc3 f6 14. Bg3
Bd7 15. Bd3 f5 16. Bf4 Rac8 17. Qd2 h6 18. c4 dxc4 19. Bxc4 Nd4 20. Bxe6+
Nxe6 21. Qxd7 Bc5 22. Bd2 Qb3 23. Bb4 Rfd8 24. Qxb7 a5 25. Nd2 Qxb2 26.
Rab1 Qxe5 27. Nf3 Qd5 28. Bxa5 Bxf2+ 29. Rxf2 Qxa5 30. Qb3 Qd5 31. Qxd5
Rxd5 32. a4 Nc5 33. Rc2 Rcd8 34. a5 Ne4 35. h3 Rxa5 36. Rbc1 Kh7 37. Rc8
Rd3 38. R8c7 f4 39. R7c4 Ng3 40. Kf2 Ra2+ 41. R4c2 Ne4+ 42. Ke2 Re3+ 43.
Kf1 Ng3+ 44. Kf2 Re2+ 45. Rxe2 Nxe2 46. Re1 Nd4+ 47. Kg1 Nf5 48. Re4 g5 49.
h4 Ra1+ 50. Kh2 Ne3 51. Ne5 Nf1+ 52. Kh3 Ng3 53. Rb4 h5 54. Rb7+ Kg8 55.
Rb8+ Kg7 56. Rb7+ Kf8 0-1